Lyrics to 'Stargazing' by Myles Smith - Statistics

General Stats
  • This quiz has been taken 45 times
  • The average score is 121 of 197
Answer Stats
Answer % Correct
a
96%
I
88%
me
88%
You
88%
you
88%
my
84%
stargazing
76%
this
76%
Time
76%
time
76%
and
72%
feel
72%
in
72%
like
72%
still
72%
We
72%
stood
68%
your
68%
All
64%
all
64%
just
64%
life
64%
made
64%
photograph
64%
see
64%
there
64%
to
64%
along
60%
eyes
60%
heart
60%
last
60%
Looking
60%
so
60%
Take
60%
were
60%
whole
60%
break
56%
don't
56%
forever
56%
it
56%
Love
56%
right
56%
souls
56%
wasted
56%
bones
52%
I've
52%
would
52%
Intertwining
48%
know
48%
never
48%
say
48%
when
48%
When
48%
go
44%
They
44%
how
40%
let
40%
strangers
40%
around
36%
close
36%
got
36%
hold
36%
I'm
36%
Promise
36%
alive
32%
come
32%
give
32%
lost
32%
mind
32%
that
32%
without
32%
you'll
32%
wanna
28%
but
20%
can't
16%
help
16%
No matching quizzes found
Score Distribution
Percent of People with Each Score
Percentile by Number Answered
Your Score History
You have not taken this quiz